Darasat fi al-qissah al-arbia al-hadees (Record no. 1227429)

MARC details
000 -LEADER
fixed length control field 00593nam a2200205Ia 4500
005 - DATE AND TIME OF LATEST TRANSACTION
control field 20241129110130.0
008 - FIXED-LENGTH DATA ELEMENTS--GENERAL INFORMATION
fixed length control field 241129s9999||||xx |||||||||||||| ||und||
037 ## - SOURCE OF ACQUISITION
Stock number TB
040 ## - CATALOGING SOURCE
Original cataloging agency ARTS
Language of cataloging eng
Transcribing agency ARTS
041 ## - LANGUAGE CODE
Language code of text/sound track or separate title eng
Source of code ara
084 ## - COLON CLASSIFICATION NUMBER
Classification number P280aQ7:26 28R0
Assigning agency ARTS
100 ## - MAIN ENTRY--PERSONAL NAME
Personal name Salam Mohammad Zaghlool Au.
9 (RLIN) 175440
245 #0 - TITLE STATEMENT
Title Darasat fi al-qissah al-arbia al-hadees
Statement of responsibility, etc. Salam Mohammad Zaghlool Au.
260 ## - PUBLICATION, DISTRIBUTION, ETC.
Date of publication, distribution, etc. 2020
300 ## - PHYSICAL DESCRIPTION
Extent 462p.
365 ## - TRADE PRICE
Price type code INR
Price amount 640
650 ## - SUBJECT ADDED ENTRY--TOPICAL TERM
Topical term or geographic name entry element Arabic LanguageIslamHadith
9 (RLIN) 727328
942 ## - ADDED ENTRY ELEMENTS (KOHA)
Koha item type Textbook
Classification part P280aQ7:26 28R0
Holdings
Withdrawn status Lost status Damaged status Not for loan Home library Current library Date acquired Source of acquisition Cost, normal purchase price Inventory number Total Checkouts Full call number Barcode Date last seen Price effective from Koha item type
        Arts Library Arts Library 2024-11-29 Nadwi Publications 640.00 1722 & 27/01/2024   P280aQ7:26 28R0 AL1803463 2024-11-29 2024-11-29 Textbook
Copyright @ Delhi University Library System